| 000 | 00919nam a2200205Ia 4500 | ||
|---|---|---|---|
| 003 | Ost | ||
| 005 | 20260507075016.0 | ||
| 008 | 260507s9999||||xx |||||||||||||| ||und|| | ||
| 040 | _cfsecg | ||
| 041 | _aara | ||
| 082 | _a388.11 | ||
| 100 |
_aأيوب، سميرة ابراهيم _eمؤلف |
||
| 245 | 0 |
_aإقتصاديات النقل : _bدراسة تمهيدية / _c سميرة ابراهيم أيوب |
|
| 260 |
_aالاسكندرية: _bالدار الجامعية, _c2003 |
||
| 300 |
_a269 صفحة؛ _bإيضاحات ؛ _c24 سم |
||
| 520 | _aخدمات قطاع النقل البحري- دراسة تحليلية لبعض الجوانب الإقتصادية لنشاط قطاع النقل البحري-خدمات قطاع النقل الجوي- جدمات قطاع النقل البري | ||
| 653 | _aالنقل-الجوانب الاقتصادية | ||
| 653 | _aالنقل-خدمات | ||
| 942 | _cكتاب | ||
| 999 |
_c42215 _d42215 |
||